000 00799nam a2200253Ia 4500
003 GCL
005 20240530102118.0
008 140319s9999 xx 000 0 ara d
040 _aGCL /
_cGCL
082 0 4 _a001.5
_bف ن
100 1 _aفتحى الابيارى
245 1 0 _aنحو اعلام دولى جديد /
_cفتحى الابيارى
260 _a[S.N] :
_bالهيئة المصرية العامة للكتاب
300 _a138 ص
490 _aدراسات اعلامية معاصرة
_v0
650 0 4 _aالاتصال
650 0 4 _aالاعلام
650 0 4 _aوسائل الاعلام
650 0 4 _aالاعلام الدولى
650 0 4 _aالانباء
650 0 4 _aالراى العام العالمى
650 0 4 _aالدعاية الدولية
942 _2ddc
_cBK
999 _c29909
_d29909